00921nam a22002057a 450000500170000000800430001702000340006002000290009405000220012324501280014526000710027330000440034449000450038850000460043365000390047965100440051865100540056265100500061670000490066620210608140143.0210608b sp ||||| |||| 00| 0 spa d a978848489651 (Iberoamericana) a9783865277046 (Vervuert)04aF1408.3bC85 201200aCultura, sociedad y democracia en América Latina : baportes para un debate interdisciplinario /cKlaus Bodemer (coord.) aMadrid : bIberoamericana ; Frankfurt am main : bVervuert, c2012 a386 páginas :bilustraciones ;c22 cm aBibliotheca Ibero-Americana ; vvol. 148 aContribuciones en portugués y español 72lembaDemocraciazAmérica Latina 72lembaAmérica Latina xCivilización 72lembaAmérica Latina xVida social y costumbres 72lembaAmérica LatinaxPolítica y gobierno1 aBodemer, Klaus, eeditor de la compilación